Statistiques concernant Disney paroles - N'écoute que moi (Raiponce)

Cliquez ici pour prendre le quiz!

Statistiques générales

  • Ce quiz a été pris 219 fois
  • Le résultat moyen est 176 sur 240

Statistiques - réponses

Réponse% Correct
ne
98%
que
96%
Tu
96%
tu
96%
moi
95%
moi,
95%
moi.
95%
moi !
95%
ma
94%
là,
93%
La
93%
la
93%
N'écoute
93%
me
91%
je
90%
Je
90%
te
90%
de
89%
De
89%
es
89%
le
89%
mère.
89%
ta
89%
ce
87%
Ecoute
87%
écoute
87%
mon
86%
tout.
86%
tout
86%
Mais
84%
Mais.
84%
ou
84%
Ou
84%
maman
83%
Maman
83%
qui
83%
est
81%
n'es
80%
un
80%
Oui
79%
Oui ?
79%
oui
79%
oui,
79%
qu'un
79%
Raiponce.
79%
Raiponce ?
79%
pas
78%
petit
78%
toute
78%
Ca
77%
mal
77%
voudra
76%
aller
75%
dans
75%
sais
74%
pour
73%
monde
72%
quitter
72%
sur
72%
peur ?
71%
plus
71%
t'aime,
71%
t'aime
71%
veux
71%
bébé,
70%
c'est
70%
crue.
70%
dis
70%
les
70%
protégera.
70%
seule
70%
dehors ?
69%
et
69%
poussin.
69%
suite.
69%
Nous
68%
qu'une
68%
son
68%
terre.
68%
Ils
67%
amer.
66%
cela.
66%
cela
66%
dit
66%
nid.
66%
jour
65%
l'oiseau
65%
perdue.
65%
pourquoi.
65%
Pourquoi
65%
Si !
65%
vêtue,
65%
bien
64%
coeur
64%
dents
64%
elle
64%
maladroite.
64%
Oh
64%
voudrais
64%
tour,
63%
aux
62%
contrarie.
62%
mangeraient
62%
maudit.
62%
petite.
62%
pointues.
62%
sommes
62%
viendra
62%
voleurs,
62%
cette
61%
ici
61%
parler
60%
rien.
60%
qu'il
59%
suffit
59%
t'arrive
59%
beauté.
58%
Comme
58%
empotée,
58%
encore.
58%
mouvants,
58%
Non !
58%
reste
58%
sable
58%
t'entendre
58%
toi
58%
aime
57%
avec
57%
immature,
57%
partout
57%
regretteras.
57%
vous
57%
Bandits,
56%
laisses
56%
l'homme
56%
peste.
56%
bestioles,
55%
comprend,
55%
fragile
55%
grosses
55%
manières,
55%
aussi
54%
chose
54%
j'espère.
54%
veut
54%
flasque.
53%
fleur.
53%
toutes
53%
vivons-nous
53%
chérie.
52%
Evite
52%
Voilà
52%
N'oublie
51%
suggère.
51%
Chut
50%
excuse-moi
50%
car
49%
guette
49%
Regarde
49%
clair .
48%
même
48%
naïve,
48%
t'aider
48%
est-ce
47%
surtout.
47%
drame
46%
poison,
45%
serpent,
45%
cannibales,
44%
voyons
43%
étourdie
39%
Simplette
24%

Distribution des résultats

Percentile par nombre de réponses

% des personnes avec chaque résultat

Votre développement - résultats

Vous n’avez pas pris ce quiz